|
|
|
|
| LEADER |
01265nam a2200337 a 4500 |
| 001 |
4289 |
| 003 |
BD-DhAAL |
| 005 |
20150526094359.0 |
| 008 |
150526s1981 paua b 001 0 eng |
| 010 |
|
|
|a 80080542
|
| 020 |
|
|
|a 0893890642 :
|c $10.00
|
| 020 |
|
|
|a 0893890715 (jacket) :
|c $10.00
|
| 020 |
|
|
|a 0893890715 (pbk.)
|
| 040 |
|
|
|a DLC
|c DLC
|d DLC
|d BD-DhAAL
|
| 050 |
0 |
0 |
|a RA785
|b .N84
|
| 082 |
0 |
0 |
|a 613.7/9
|2 19
|
| 100 |
1 |
|
|a Nuernberger, Phil,
|d 1942-
|9 11418
|
| 245 |
1 |
0 |
|a Freedom from stress :
|b a holistic approach /
|c Phil Nuernberger ; foreword by Barbara B. Brown.
|
| 260 |
|
|
|a Honesdale, Pa. :
|b Himalayan International Institute of Yoga Science and Philosophy,
|c c1981.
|
| 300 |
|
|
|a xx, 268 p. :
|b ill. ;
|c 23 cm.
|
| 500 |
|
|
|a Includes index.
|
| 504 |
|
|
|a Bibliography: [253]-256.
|
| 541 |
|
|
|e 4289
|
| 650 |
|
0 |
|a Relaxation.
|9 11419
|
| 650 |
|
0 |
|a Stress (Psychology)
|9 11420
|
| 650 |
|
0 |
|a Stress (Physiology)
|9 11421
|
| 650 |
|
0 |
|a Mind and body.
|9 10089
|
| 710 |
2 |
|
|a Himalayan International Institute of Yoga Science & Philosophy.
|9 11422
|
| 942 |
|
|
|2 ddc
|c BK
|
| 999 |
|
|
|c 34519
|d 34519
|
| 952 |
|
|
|0 0
|1 0
|2 ddc
|4 0
|6 613_700000000000000_9_NUE
|7 0
|9 53885
|a SCL
|b SCL
|c GEN
|d 2015-05-26
|g 435.00
|l 1
|o 613.79 NUE
|p 3020004289
|r 2019-11-27
|s 2019-11-23
|t 1
|w 2015-05-26
|y BK
|